| 000 | 00333nam a22001457a 4500 | ||
|---|---|---|---|
| 003 | SGT | ||
| 020 | _a978-81-8489-150-8 | ||
| 082 |
_a615 _bHIL |
||
| 100 | _aHILLSCH, ALEXANDER | ||
| 245 | _aMODERN METHODS OF DRUG DISCOVERY | ||
| 260 |
_aBOSTON _bSPRINGER PUB. _c2003 |
||
| 300 | _a292 | ||
| 650 | _aDRUG DISCOVERY | ||
| 942 |
_2ddc _cBK |
||
| 999 |
_c33116 _d33116 |
||